Talent intelligence : (Record no. 531472)

000 -LEADER
fixed length control field 01565cam a2200421 i 4500
001 - CONTROL NUMBER
control field 17670304
003 - CONTROL NUMBER IDENTIFIER
control field NUST
005 - DATE AND TIME OF LATEST TRANSACTION
control field 20191017124940.0
008 - FIXED-LENGTH DATA ELEMENTS--GENERAL INFORMATION
fixed length control field 130322t2013 cau b 001 0 eng
010 ## - LIBRARY OF CONGRESS CONTROL NUMBER
LC control number 2013007356
020 ## - INTERNATIONAL STANDARD BOOK NUMBER
International Standard Book Number 9781118531181 (cloth)
020 ## - INTERNATIONAL STANDARD BOOK NUMBER
International Standard Book Number 9781118640081 (ebk)
020 ## - INTERNATIONAL STANDARD BOOK NUMBER
International Standard Book Number 9781118640289 (ebk)
020 ## - INTERNATIONAL STANDARD BOOK NUMBER
International Standard Book Number 9781118640074 (ebk)
038 ## - RECORD CONTENT LICENSOR
Staff Name ATTA
040 ## - CATALOGING SOURCE
Original cataloging agency DLC
Language of cataloging eng
Transcribing agency DLC
Description conventions rda
Modifying agency DLC
042 ## - AUTHENTICATION CODE
Authentication code pcc
050 00 - LIBRARY OF CONGRESS CALL NUMBER
Classification number HF5549
Item number .K4994 2013
082 00 - DEWEY DECIMAL CLASSIFICATION NUMBER
Classification number 658.301 KIN
Edition number 23
100 1# - MAIN ENTRY--PERSONAL NAME
Personal name Kinley, Nik,
Dates associated with a name 1968-
9 (RLIN) 24224
245 10 - TITLE STATEMENT
Title Talent intelligence :
Remainder of title what you need to know to identify and measure talent /
Statement of responsibility, etc. Nik Kinley, Shlomo Ben-Hur.
250 ## - EDITION STATEMENT
Edition statement First edition.
264 #1 - PRODUCTION, PUBLICATION, DISTRIBUTION, MANUFACTURE, AND COPYRIGHT NOTICE
Place of production, publication, distribution, manufacture San Francisco :
Name of producer, publisher, distributor, manufacturer Jossey-Bass, A Wiley Brand,
Date of production, publication, distribution, manufacture, or copyright notice [2013].
264 #4 - PRODUCTION, PUBLICATION, DISTRIBUTION, MANUFACTURE, AND COPYRIGHT NOTICE
Date of production, publication, distribution, manufacture, or copyright notice ©2013
300 ## - PHYSICAL DESCRIPTION
Extent xiv, 255 pages ;
Dimensions 24 cm
336 ## - CONTENT TYPE
Content type term text
Source rdacontent
337 ## - MEDIA TYPE
Media type term unmediated
Source rdamedia
338 ## - CARRIER TYPE
Carrier type term volume
Source rdacarrier
504 ## - BIBLIOGRAPHY, ETC. NOTE
Bibliography, etc. note Includes bibliographical references (pages 225-246) and index.
650 #0 - SUBJECT ADDED ENTRY--TOPICAL TERM
Topical term or geographic name entry element Personnel management.
9 (RLIN) 1204
650 #0 - SUBJECT ADDED ENTRY--TOPICAL TERM
Topical term or geographic name entry element Employees
General subdivision Rating of.
9 (RLIN) 12376
650 #0 - SUBJECT ADDED ENTRY--TOPICAL TERM
Topical term or geographic name entry element Employees
General subdivision Recruiting.
9 (RLIN) 12420
700 1# - ADDED ENTRY--PERSONAL NAME
Personal name Ben-Hur, Shlomo,
Dates associated with a name 1962-
9 (RLIN) 24225
776 08 - ADDITIONAL PHYSICAL FORM ENTRY
Relationship information Online version:
Main entry heading Kinley, Nik, 1968-
Title Talent intelligence
Edition First edition.
Place, publisher, and date of publication San Francisco : Jossey-Bass, A Wiley Brand, [2013]
International Standard Book Number 9781118640081
Record control number (DLC) 2013012597
906 ## - LOCAL DATA ELEMENT F, LDF (RLIN)
a 7
b cbc
c orignew
d 1
e ecip
f 20
g y-gencatlg
942 ## - ADDED ENTRY ELEMENTS (KOHA)
Source of classification or shelving scheme
Koha item type Book
Holdings
Withdrawn status Lost status Source of classification or shelving scheme Damaged status Not for loan Permanent Location Current Location Shelving location Date acquired Total Checkouts Full call number Barcode Date last seen Price effective from Koha item type
          Central Library (CL) Central Library (CL) Management Sciences 10/17/2019   658.301 KIN NBS10398 10/17/2019 10/17/2019 Book
© 2023 Central Library, National University of Sciences and Technology. All Rights Reserved.